000 00256nam a2200097Ia 4500
001 709308
005 20250826162544.0
008 250824s9999 xx 000 0 und d
245 0 _aPUDİNG POLİ AYDINLATIYOR
_cCHRISTINE NÖSTLINGER
260 _bTUDEM YAYINLARI
999 _c709308
_d709308